000 00505nam a2200181Ia 4500
001 16668
005 20260306170326.0
008 260306t2016||||xx |||||||||||||| ||und||
041 _aESP
082 _a346.2
_bT74
100 _aTorres Maldonado, Marco Andrei
_eAUT
245 0 _aLa responsabilidad civil en el derecho de familia:
_bdaños derivados de las relaciones familiares
260 _c2016
300 _a509 páginas :
_c25 cm.
650 _aGEN
654 _aCDE
942 _cLIB
_dJUS
_fJUS
_2ddc
_n
999 _c16668
_d16668